| 000 | 00578nam a22001937a 4500 | ||
|---|---|---|---|
| 003 | BUBTL | ||
| 008 | 170116b xxu||||| |||| 00| 0 eng d | ||
| 020 | _a1-85573-905-4 | ||
| 082 | _a677.028SCC | ||
| 100 |
_91459 _aSchindler,W.D. |
||
| 245 |
_aChemical Finishing Of Textiles : _cW.D.Schindler,P.J.Hauser |
||
| 260 |
_aCambridge ; _bWoodhead Publishing Limited _cc2004. |
||
| 300 |
_ax,206 p. _bill. _c21 cm. |
||
| 650 | 0 |
_91039 _aTextile Engineering |
|
| 700 |
_91460 _aHauser,P.J. |
||
| 856 |
_k0 _l0 _yDownload |
||
| 942 |
_2ddc _cBK |
||
| 999 |
_c5419 _d5419 |
||